Human Resources Development and Management (Record no. 833)

MARC details
000 -LEADER
fixed length control field 00448nam a22001697a 4500
005 - DATE AND TIME OF LATEST TRANSACTION
control field 20180808154657.0
008 - FIXED-LENGTH DATA ELEMENTS--GENERAL INFORMATION
fixed length control field 160514b xxu||||| |||| 00| 0 eng d
020 ## - INTERNATIONAL STANDARD BOOK NUMBER
ISBN 9788125907817
041 ## - LANGUAGE CODE
Language code of text/sound track or separate title eng
082 ## - DEWEY DECIMAL CLASSIFICATION NUMBER
Item number 2276
Classification number 658.3
100 ## - MAIN ENTRY--AUTHOR NAME
Personal name Ghosh, Biswanath
245 ## - TITLE STATEMENT
Title Human Resources Development and Management
260 ## - PUBLICATION, DISTRIBUTION, ETC. (IMPRINT)
Place of publication New Delhi
Name of publisher Vikas Publishing House (P) Ltd.
Year of publication 2009
300 ## - PHYSICAL DESCRIPTION
Number of Pages 351p,
650 ## - SUBJECT ADDED ENTRY--TOPICAL TERM
Topical Term Management
942 ## - ADDED ENTRY ELEMENTS (KOHA)
Koha item type Books
Holdings
Lost status Damaged status Home library Current library Shelving location Date acquired Cost, normal purchase price Full call number Accession Number Koha item type Collection code
Lost   JRU Library JRU Library SHELF - 17 - K 14/05/2016 310.00 658.3 2276 Books  
    JRU Library JRU Library SHELF-63-E 14/05/2016 310.00 658.3 2277 Books MANAGEMENT
    JRU Library JRU Library SHELF-63-E 14/05/2016 310.00 658.3 2278 Books MANAGEMENT
    JRU Library JRU Library SHELF-63-E 14/05/2016 310.00 658.3 2279 Books MANAGEMENT
    JRU Library JRU Library SHELF-29-C 14/05/2016 310.00 658.3 2280 Books MANAGEMENT
    JRU Library JRU Library SHELF-63-E 14/05/2016 310.00 658.3 2281 Books MANAGEMENT
    JRU Library JRU Library SHELF-63-E 14/05/2016 310.00 658.3 2282 Books MANAGEMENT
    JRU Library JRU Library SHELF-63-E 14/05/2016 310.00 658.3 2283 Books MANAGEMENT
    JRU Library JRU Library SHELF-30-A 14/05/2016 310.00 658.3 2284 Books MANAGEMENT
    JRU Library JRU Library SHELF-63-E 14/05/2016 310.00 658.3 2285 Books MANAGEMENT
    JRU Library JRU Library SHELF-63-E 14/05/2016 310.00 658.3 2286 Books MANAGEMENT